Rostros y Rastros de un Canto.

Saved in:
Bibliografiske detaljer
Hovedforfatter: Larrea Mangiola, Antonio (edición, fotografías)
Andre forfattere: Montealegre Iturra, Jorge (textos)
Format: Bog
Udgivet: Santiago, Chile: Nunatak, 1997.
Fag:
Tags: Tilføj Tag
Ingen Tags, Vær først til at tagge denne postø!

MARC

LEADER 00000nam a22000007a 4500
003 CL-VaPUC
005 20250407202444.0
008 250312t1997 ||||| |||| 00| 0 eng d
999 |c 447286  |d 447284 
020 |a 956-272-645-2 
040 |c Pontificia Universidad Católica de Valparaíso 
082 |a 779 LAR 1997 
100 |9 517802  |a Larrea Mangiola, Antonio  |e edición  |e fotografías 
245 |a Rostros y Rastros de un Canto. 
260 |a Santiago, Chile:  |b Nunatak,  |c 1997. 
300 |a sin numeración:  |b fotografías. 
500 |a c.1-c.2. Instituto Arcos.08-01-2025. 
583 |c 20250312  |k Gabriela Rodríguez Cuevas 
650 0 |9 306645  |a Músicos chilenos  |x Fotografías en blanco y negro  |y Siglo 20 
650 0 |9 496131  |a Nueva canción chilena  |x Historia  |x Fotografías 
700 |9 896723  |a Montealegre Iturra, Jorge  |e textos 
942 |2 ddc  |c BK  |n 0 
952 |0 0  |1 0  |2 ddc  |4 0  |6 779_000000000000000_LAR_1997  |7 0  |8 A  |9 601116  |a BIBINC  |b BIBINC  |d 2025-03-12  |e Instituto Arcos  |i 5665951  |o 779 LAR 1997  |p 5665951  |r 2025-03-12  |t 1  |w 2025-03-12  |y BK  |k IFP 
952 |0 0  |1 0  |2 ddc  |4 0  |6 779_000000000000000_LAR_1997  |7 0  |8 A  |9 601117  |a BIBINC  |b BIBINC  |d 2025-03-12  |e Instituto Arcos  |i 5665952  |o 779 LAR 1997  |p 5665952  |r 2025-03-12  |t 2  |w 2025-03-12  |y BK  |k IFP